[Event "DSJ Weihnachtsturnier U20 2020"]
[Site "https://play.chessbase.com/en/play?room=DSJWeihnachtU20"]
[Date "2020.12.29"]
[Round "4"]
[White "Petrow, Jonas"]
[Black "Mehlhorn, David"]
[Result "1-0"]
[Termination "normal"]
[Board "17.1"]
[WhiteElo "1811"]
[BlackElo "1511"]
[WhiteTeam "TuS Makkabi Rostock"]
[BlackTeam "SGem Aschheim/Feldkirchen/Kirchheim"]
[PlyCount "37"]
[WhiteFideId "12991805"]
[BlackFideId "34607757"]
[EventRounds "7"]
[EventType "team-swiss"]
[EventDate "2020.12.29"]

1. d4 {[%emt 0:00:03]} c5 {[%emt 0:00:02]} 2. d5 {[%emt 0:00:06]} Nf6 {[%emt
0:00:02]} 3. Nc3 {[%emt 0:00:07]} e6 {[%emt 0:00:01]} 4. e4 {[%emt 0:00:03]}
exd5 {[%emt 0:00:02]} 5. exd5 {[%emt 0:00:01]} d6 {[%emt 0:00:01]} 6. Bg5
{[%emt 0:00:18]} Be7 {[%emt 0:00:18]} 7. Nf3 {[%emt 0:00:02]} Nxd5 {[%emt
0:00:03]} 8. Nxd5 {[%emt 0:00:22]} Bxg5 {[%emt 0:00:03]} 9. Nxg5 {[%emt
0:00:02]} Qxg5 { [%emt 0:00:08]} 10. Nc7+ {[%emt 0:00:02]} Kd8 {[%emt 0:00:04]}
11. Nxa8 { [%emt 0:00:04]} Re8+ {[%emt 0:00:02]} 12. Be2 {[%emt 0:00:06]} Qxg2
{[%emt 0:00:14]} 13. Qxd6+ {[%emt 0:00:15]} Nd7 {[%emt 0:00:06]} 14. Qc7+
{[%emt 0:00:12]} Ke7 {[%emt 0:00:02]} 15. O-O-O {[%emt 0:00:03]} Qxf2 {[%emt
0:00:10]} 16. Qd6+ {[%emt 0:01:22]} Kd8 {[%emt 0:00:06]} 17. Bb5 {[%emt
0:00:29]} Qe3+ { [%emt 0:00:26]} 18. Kb1 {[%emt 0:00:04]} Qe7 {[%emt 0:00:02]}
19. Qc7# { [%emt 0:00:04]} 1-0

[Event "DSJ Weihnachtsturnier U20 2020"]
[Site "https://play.chessbase.com/en/play?room=DSJWeihnachtU20"]
[Date "2020.12.29"]
[Round "4"]
[White "Elsken Sicard, Fabian"]
[Black "Centgraf, Andra's"]
[Result "0-1"]
[Termination "normal"]
[Board "17.3"]
[WhiteElo "1469"]
[BlackElo "1504"]
[WhiteTeam "TuS Makkabi Rostock"]
[BlackTeam "SGem Aschheim/Feldkirchen/Kirchheim"]
[PlyCount "98"]
[WhiteFideId "16247612"]
[BlackFideId "34611177"]
[EventRounds "7"]
[EventType "team-swiss"]
[EventDate "2020.12.29"]

1. d4 {[%emt 0:00:07]} d5 {[%emt 0:00:04]} 2. c4 {[%emt 0:00:03]} e6 {[%emt
0:00:04]} 3. Nc3 {[%emt 0:00:03]} Bb4 {[%emt 0:00:06]} 4. e3 {[%emt 0:00:09]}
Nf6 {[%emt 0:00:01]} 5. a3 {[%emt 0:00:16]} Bxc3+ {[%emt 0:00:04]} 6. bxc3 {
[%emt 0:00:02]} O-O {[%emt 0:00:01]} 7. Nf3 {[%emt 0:00:03]} c5 {[%emt 0:00:04]
} 8. cxd5 {[%emt 0:00:04]} exd5 {[%emt 0:00:01]} 9. Be2 {[%emt 0:00:32]} Nc6 {
[%emt 0:00:02]} 10. O-O {[%emt 0:00:03]} Bf5 {[%emt 0:00:03]} 11. Bb2 {[%emt
0:00:17]} Ne4 {[%emt 0:00:14]} 12. dxc5 {[%emt 0:00:08]} Nxc5 {[%emt 0:00:04]}
13. Nd4 {[%emt 0:00:05]} Nxd4 {[%emt 0:00:05]} 14. cxd4 {[%emt 0:00:00]} Ne6 {
[%emt 0:00:04]} 15. a4 {[%emt 0:00:06]} Rc8 {[%emt 0:00:05]} 16. Ba3 {[%emt
0:00:09]} Re8 {[%emt 0:00:04]} 17. Bb5 {[%emt 0:00:04]} Rc4 {[%emt 0:00:20]}
18. Bxc4 {[%emt 0:00:26]} dxc4 {[%emt 0:00:01]} 19. Qf3 {[%emt 0:00:17]} Qg5 {
[%emt 0:00:41]} 20. Rac1 {[%emt 0:00:43]} Qg6 {[%emt 0:00:54]} 21. Qg3 { [%emt
0:00:48]} Bd3 {[%emt 0:00:26]} 22. Qxg6 {[%emt 0:00:05]} hxg6 {[%emt 0:00:06]}
23. Rfd1 {[%emt 0:00:02]} Nc7 {[%emt 0:00:08]} 24. Rc3 {[%emt 0:01:21]} Nd5
{[%emt 0:00:07]} 25. Rdxd3 {[%emt 0:00:23]} cxd3 {[%emt 0:00:08]} 26. Rxd3
{[%emt 0:00:01]} Rc8 {[%emt 0:00:04]} 27. g3 {[%emt 0:00:10]} Rc4 {[%emt
0:00:08]} 28. a5 {[%emt 0:00:58]} Ra4 {[%emt 0:01:22]} 29. e4 {[%emt 0:01:17]}
Nb4 { [%emt 0:00:47]} 30. Bxb4 {[%emt 0:00:03]} Rxb4 {[%emt 0:00:01]} 31. f3 {
[%emt 0:00:08]} Kf8 {[%emt 0:00:04]} 32. d5 {[%emt 0:00:06]} Ke7 {[%emt
0:00:04]} 33. Ra3 {[%emt 0:00:10]} Kd6 {[%emt 0:00:05]} 34. Kf2 {[%emt
0:00:02]} a6 {[%emt 0:00:36]} 35. Ke3 {[%emt 0:00:02]} g5 {[%emt 0:00:05]} 36.
Kd3 {[%emt 0:00:03]} f5 {[%emt 0:00:13]} 37. Kc3 {[%emt 0:00:04]} Rb1 {[%emt
0:00:05]} 38. Rb3 {[%emt 0:00:06]} Rxb3+ {[%emt 0:00:27]} 39. Kxb3 {[%emt
0:00:00]} g4 { [%emt 0:00:01]} 40. fxg4 {[%emt 0:00:07]} fxe4 {[%emt 0:00:17]}
41. Kc4 { [%emt 0:00:02]} Ke5 {[%emt 0:00:16]} 42. d6 {[%emt 0:00:03]} Kxd6
{[%emt 0:00:42]} 43. Kd4 {[%emt 0:00:01]} b6 {[%emt 0:00:01]} 44. h4 {[%emt
0:00:01]} bxa5 {[%emt 0:00:27]} 45. h5 {[%emt 0:00:02]} a4 {[%emt 0:00:10]} 46.
g5 {[%emt 0:00:04]} a3 {[%emt 0:00:05]} 47. h6 {[%emt 0:00:06]} a2 {[%emt
0:00:22]} 48. h7 {[%emt 0:00:06]} a1=Q+ {[%emt 0:00:04]} 49. Ke3 {[%emt
0:00:06]} g6 {[%emt 0:00:04]} 0-1

[Event "DSJ Weihnachtsturnier U20 2020"]
[Site "https://play.chessbase.com/en/play?room=DSJWeihnachtU20"]
[Date "2020.12.29"]
[Round "4"]
[White "El Sewisy, Aiman"]
[Black "Röste, Hugo"]
[Result "0-1"]
[Termination "normal"]
[Board "17.4"]
[WhiteElo "893"]
[BlackElo "1597"]
[WhiteTeam "SGem Aschheim/Feldkirchen/Kirchheim"]
[BlackTeam "TuS Makkabi Rostock"]
[PlyCount "92"]
[WhiteFideId "34607803"]
[BlackFideId "16247604"]
[EventRounds "7"]
[EventType "team-swiss"]
[EventDate "2020.12.29"]

1. e4 {[%emt 0:00:07]} c5 {[%emt 0:00:03]} 2. d4 {[%emt 0:00:02]} cxd4 { [%emt
0:00:53]} 3. c3 {[%emt 0:00:02]} dxc3 {[%emt 0:00:05]} 4. Nxc3 {[%emt 0:00:02]}
Nc6 {[%emt 0:00:06]} 5. Bc4 {[%emt 0:00:07]} e6 {[%emt 0:00:08]} 6. Nf3 {[%emt
0:00:03]} Be7 {[%emt 0:00:15]} 7. O-O {[%emt 0:00:09]} d6 {[%emt 0:00:17]} 8.
Be3 {[%emt 0:00:18]} Nf6 {[%emt 0:00:12]} 9. Qd2 {[%emt 0:00:19]} O-O { [%emt
0:00:10]} 10. Nd4 {[%emt 0:00:55]} Nxd4 {[%emt 0:00:10]} 11. Bxd4 { [%emt
0:00:06]} a6 {[%emt 0:00:06]} 12. Rfe1 {[%emt 0:00:38]} b5 {[%emt 0:00:09]} 13.
Bd3 {[%emt 0:00:16]} Bb7 {[%emt 0:00:14]} 14. f4 {[%emt 0:00:56]} e5 { [%emt
0:00:29]} 15. fxe5 {[%emt 0:00:22]} dxe5 {[%emt 0:00:07]} 16. Bxe5 { [%emt
0:00:11]} Re8 {[%emt 0:00:20]} 17. Bxf6 {[%emt 0:01:38]} Bxf6 {[%emt 0:00:07]}
18. Rad1 {[%emt 0:00:46]} Bd4+ {[%emt 0:00:21]} 19. Kh1 {[%emt 0:00:14] } Bxc3
{[%emt 0:00:24]} 20. Qxc3 {[%emt 0:00:08]} Qh4 {[%emt 0:00:03]} 21. Qc7 {[%emt
0:01:15]} Bxe4 {[%emt 0:00:29]} 22. Bxe4 {[%emt 0:00:24]} Rac8 {[%emt 0:00:32]}
23. Qd7 {[%emt 0:00:21]} Rcd8 {[%emt 0:00:10]} 24. Bxh7+ {[%emt 0:01:06]} Kxh7
{[%emt 0:00:14]} 25. Qf5+ {[%emt 0:00:09]} Kg8 {[%emt 0:00:15]} 26. Rxe8+
{[%emt 0:00:10]} Rxe8 {[%emt 0:00:07]} 27. Qf1 {[%emt 0:00:04]} Qe4 { [%emt
0:00:12]} 28. h3 {[%emt 0:00:02]} Qe2 {[%emt 0:00:06]} 29. Qg1 {[%emt 0:00:02]}
Qxb2 {[%emt 0:00:10]} 30. Kh2 {[%emt 0:00:01]} Qxa2 {[%emt 0:00:13]} 31. Qa7
{[%emt 0:00:01]} Re2 {[%emt 0:00:15]} 32. Rd8+ {[%emt 0:00:06]} Kh7 { [%emt
0:00:04]} 33. Qg1 {[%emt 0:00:01]} b4 {[%emt 0:00:12]} 34. Kg3 {[%emt 0:00:01]}
Qb3+ {[%emt 0:00:09]} 35. Kh4 {[%emt 0:00:01]} Qc4+ {[%emt 0:00:08]} 36. g4
{[%emt 0:00:02]} b3 {[%emt 0:00:14]} 37. Qb1+ {[%emt 0:00:01]} Qc2 { [%emt
0:00:02]} 38. Qf1 {[%emt 0:00:06]} Rf2 {[%emt 0:00:30]} 39. Qxa6 { [%emt
0:00:05]} b2 {[%emt 0:00:12]} 40. Qb5 {[%emt 0:00:02]} Qc1 {[%emt 0:00:29]} 41.
Qh5+ {[%emt 0:00:01]} Qh6 {[%emt 0:00:02]} 42. Rh8+ {[%emt 0:00:00]} Kxh8
{[%emt 0:00:04]} 43. Qxh6+ {[%emt 0:00:01]} gxh6 {[%emt 0:00:03]} 44. Kh5
{[%emt 0:00:02]} b1=Q {[%emt 0:00:06]} 45. g5 {[%emt 0:00:01]} Qg6+ {[%emt
0:00:09]} 46. Kh4 {[%emt 0:00:04]} Qxg5# {[%emt 0:00:02]} 0-1

[Event "DSJ Weihnachtsturnier U20 2020"]
[Site "https://play.chessbase.com/en/play?room=DSJWeihnachtU20"]
[Date "2020.12.29"]
[Round "4"]
[White "Scheuer, Adrian"]
[Black "Werner, Tom"]
[Result "0-1"]
[Termination "normal"]
[Board "18.1"]
[WhiteElo "1600"]
[BlackElo "1780"]
[WhiteTeam "SC 1948 Ersingen"]
[BlackTeam "VSG 1880 Offenbach"]
[PlyCount "74"]
[WhiteFideId "34673741"]
[BlackFideId "16223756"]
[EventRounds "7"]
[EventType "team-swiss"]
[EventDate "2020.12.29"]

1. c4 {[%emt 0:00:46]} Nf6 {[%emt 0:00:09]} 2. Nf3 { [%emt 0:00:01] Ersingen001
received Ill MvData=1. g8-f6 (884cs)} c6 {[%emt 0:00:02]} 3. e3 {[%emt
0:00:01]} d5 {[%emt 0:00:01]} 4. d4 {[%emt 0:00:01] Ersingen001 : My d2d4
repeat. Offenba1-001 kibitzing!?} Bf5 {[%emt 0:00:01] Ersingen001 kibitzing!?}
5. Nc3 {[%emt 0:00:08]} Nbd7 {[%emt 0:00:14] Ersingen001 kibitzing!?} 6. Bd3
{[%emt 0:00:04]} Bxd3 {[%emt 0:00:02]} 7. Qxd3 {[%emt 0:00:02]} g6 {[%emt
0:00:01] Ersingen001 received Ill MvData=11. f5-d3 (212cs) Ersingen001
kibitzing!?} 8. O-O {[%emt 0:00:09]} Bg7 {[%emt 0:00:03] Ersingen001
kibitzing!?} 9. h3 {[%emt 0:00:05]} O-O {[%emt 0:00:09] Ersingen001
kibitzing!?} 10. Re1 {[%emt 0:00:13]} Re8 {[%emt 0:00:12] Ersingen001
kibitzing!?} 11. Bd2 {[%emt 0:00:14]} e5 {[%emt 0:00:04] Ersingen001
kibitzing!?} 12. dxe5 {[%emt 0:00:09]} Nxe5 {[%emt 0:00:00]} 13. Nxe5 {[%emt
0:00:03]} Rxe5 {[%emt 0:00:00] Ersingen001 received Ill MvData=23. d7-e5 (0cs)
Ersingen001 kibitzing!?} 14. Rad1 {[%emt 0:00:26]} Qb6 {[%emt 0:00:18]
Ersingen001 kibitzing!?} 15. Na4 {[%emt 0:01:33]} Qa6 {[%emt 0:00:19]
Ersingen001 kibitzing!?} 16. b3 {[%emt 0:00:07]} dxc4 {[%emt 0:00:16]
Ersingen001 kibitzing!?} 17. Qxc4 {[%emt 0:00:09]} Qxc4 {[%emt 0:00:11]} 18.
bxc4 {[%emt 0:00:02] Ersingen001 received Ill MvData=33. a6-c4 (1056cs)} Rd8 {
[%emt 0:00:05] Ersingen001 kibitzing!?} 19. Nb2 {[%emt 0:00:38]} Ne4 {[%emt
0:00:13] Ersingen001 kibitzing!?} 20. Bc1 {[%emt 0:00:28]} Ree8 {[%emt 0:00:12]
Ersingen001 kibitzing!?} 21. Kf1 {[%emt 0:00:57]} Nc3 {[%emt 0:00:07]} 22. Rxd8
{[%emt 0:00:03]} Rxd8 {[%emt 0:00:00] Ersingen001 received Ill MvData=41. e4-c3
(659cs) Ersingen001 kibitzing!?} 23. a4 {[%emt 0:00:12]} Rd6 {[%emt 0:00:44]
Ersingen001 kibitzing!?} 24. a5 {[%emt 0:00:25]} c5 {[%emt 0:00:12] Ersingen001
kibitzing!?} 25. f3 {[%emt 0:00:21]} Ra6 {[%emt 0:00:06] Ersingen001
kibitzing!?} 26. Nd3 {[%emt 0:00:05]} Rxa5 {[%emt 0:00:05] Ersingen001
kibitzing!?} 27. Bd2 {[%emt 0:00:05]} Ra2 {[%emt 0:00:26] Ersingen001
kibitzing!?} 28. Bc1 {[%emt 0:00:45]} b6 {[%emt 0:00:09] Ersingen001
kibitzing!?} 29. Nf4 {[%emt 0:00:43]} Rc2 {[%emt 0:00:18] Ersingen001
kibitzing!?} 30. Nd5 {[%emt 0:00:52]} Kf8 {[%emt 0:00:45] Ersingen001
kibitzing!?} 31. Nc7 {[%emt 0:00:24]} Be5 {[%emt 0:00:39] Ersingen001
kibitzing!?} 32. e4 {[%emt 0:00:26]} Bg3 {[%emt 0:00:15] Ersingen001
kibitzing!?} 33. Bh6+ {[%emt 0:00:08]} Kg8 {[%emt 0:00:16] Ersingen001
kibitzing!?} 34. Ra1 {[%emt 0:00:13]} Rf2+ {[%emt 0:00:09] Ersingen001
kibitzing!?} 35. Ke1 {[%emt 0:00:09]} Ra2+ {[%emt 0:00:04]} 36. Kf1 {[%emt
0:00:02]} Rxa1+ {[%emt 0:00:02] Ersingen001 kibitzing!?} 37. Bc1 { [%emt
0:00:04] .} Rxc1# {[%emt 0:00:00]} 0-1

[Event "DSJ Weihnachtsturnier U20 2020"]
[Site "https://play.chessbase.com/en/play?room=DSJWeihnachtU20"]
[Date "2020.12.29"]
[Round "4"]
[White "Werner, Rosalie"]
[Black "Förster, Fabio"]
[Result "0-1"]
[Termination "normal"]
[Board "18.2"]
[WhiteElo "1751"]
[BlackElo "1602"]
[WhiteTeam "VSG 1880 Offenbach"]
[BlackTeam "SC 1948 Ersingen"]
[PlyCount "98"]
[WhiteFideId "16223748"]
[BlackFideId "16297571"]
[EventRounds "7"]
[EventType "team-swiss"]
[EventDate "2020.12.29"]

1. e4 {[%emt 0:00:03]} c5 {[%emt 0:00:12]} 2. Nf3 {[%emt 0:00:02]} g6 {[%emt
0:00:04]} 3. d4 {[%emt 0:00:03]} cxd4 {[%emt 0:00:00]} 4. Nxd4 {[%emt 0:00:01]}
Nc6 {[%emt 0:00:04]} 5. c4 {[%emt 0:00:02]} Bg7 {[%emt 0:00:09]} 6. Be3 { [%emt
0:00:01]} Nf6 {[%emt 0:00:04]} 7. Nc3 {[%emt 0:00:02]} O-O {[%emt 0:00:05]} 8.
Be2 {[%emt 0:00:03]} d6 {[%emt 0:00:04]} 9. f3 {[%emt 0:00:07]} Bd7 { [%emt
0:00:09]} 10. Qd2 {[%emt 0:00:02]} a6 {[%emt 0:00:07]} 11. O-O-O { [%emt
0:00:09]} Rc8 {[%emt 0:00:13]} 12. g4 {[%emt 0:00:08]} Nxd4 {[%emt 0:01:06]}
13. Bxd4 {[%emt 0:00:06]} b5 {[%emt 0:00:18]} 14. h4 {[%emt 0:00:38]} h5 {
[%emt 0:00:23]} 15. gxh5 {[%emt 0:00:09]} Nxh5 {[%emt 0:00:00]} 16. Bxg7 {
[%emt 0:00:12]} Kxg7 {[%emt 0:00:18]} 17. Rdg1 {[%emt 0:00:18]} Rh8 {[%emt
0:00:19]} 18. f4 {[%emt 0:00:09]} e6 {[%emt 0:01:44]} 19. Qxd6 {[%emt 0:00:36]}
Bc6 {[%emt 0:00:44]} 20. Qe5+ {[%emt 0:00:34]} Qf6 {[%emt 0:01:04]} 21. Qxf6+ {
[%emt 0:00:59]} Nxf6 {[%emt 0:00:00]} 22. e5 {[%emt 0:00:16]} Nh5 {[%emt
0:00:30]} 23. Bxh5 {[%emt 0:00:33]} Bxh1 {[%emt 0:00:31]} 24. Bxg6 {[%emt
0:00:17]} fxg6 {[%emt 0:00:08]} 25. Rxh1 {[%emt 0:00:03]} Rxc4 {[%emt 0:00:11]}
26. Kd2 { [%emt 0:00:13]} Rxf4 {[%emt 0:00:08]} 27. Ke3 {[%emt 0:00:05]} Rfxh4
{[%emt 0:00:06]} 28. Rf1 {[%emt 0:00:16]} Rh3+ {[%emt 0:00:07]} 29. Kd4 {[%emt
0:00:02]} Rc8 {[%emt 0:00:32]} 30. b3 {[%emt 0:00:46]} Rcxc3 {[%emt 0:00:22]}
31. Rf6 { [%emt 0:00:05]} Rc6 {[%emt 0:00:04]} 32. Ke4 {[%emt 0:00:13]} Rh5
{[%emt 0:00:10]} 33. Rf4 {[%emt 0:00:07]} Rf5 {[%emt 0:00:06]} 34. Rg4 {[%emt
0:00:05]} Rc5 {[%emt 0:00:14]} 35. Kd4 {[%emt 0:00:06]} Rcxe5 {[%emt 0:00:03]}
36. Kc3 { [%emt 0:00:08]} Rf3+ {[%emt 0:00:06]} 37. Kb4 {[%emt 0:00:03]} Rfe3
{[%emt 0:00:07]} 38. Ka5 {[%emt 0:00:08]} Re2 {[%emt 0:00:09]} 39. a4 {[%emt
0:00:18]} bxa4+ {[%emt 0:00:11]} 40. Kxa6 {[%emt 0:00:04]} axb3 {[%emt
0:00:07]} 41. Rb4 {[%emt 0:00:06]} b2 {[%emt 0:00:00]} 42. Kb6 {[%emt 0:00:02]}
Rf5 {[%emt 0:00:06]} 43. Kc6 {[%emt 0:00:03]} Rf1 {[%emt 0:00:01]} 44. Kd7
{[%emt 0:00:06]} b1=Q {[%emt 0:00:02]} 45. Rxb1 {[%emt 0:00:15]} Rxb1 {[%emt
0:00:00]} 46. Ke7 { [%emt 0:00:03]} Rb7+ {[%emt 0:00:03]} 47. Ke8 {[%emt
0:00:06]} Rc2 {[%emt 0:00:07]} 48. Kd8 {[%emt 0:00:03]} e5 {[%emt 0:00:01]} 49.
Ke8 {[%emt 0:00:03]} Rc8# {[%emt 0:00:01]} 0-1

[Event "DSJ Weihnachtsturnier U20 2020"]
[Site "https://play.chessbase.com/en/play?room=DSJWeihnachtU20"]
[Date "2020.12.29"]
[Round "4"]
[White "Ruf, David"]
[Black "Werner, Florin"]
[Result "0-1"]
[Termination "normal"]
[Board "18.3"]
[WhiteElo "1581"]
[BlackElo "1533"]
[WhiteTeam "SC 1948 Ersingen"]
[BlackTeam "VSG 1880 Offenbach"]
[PlyCount "86"]
[WhiteFideId "16297636"]
[BlackFideId "16250230"]
[EventRounds "7"]
[EventType "team-swiss"]
[EventDate "2020.12.29"]

1. d4 {[%emt 0:00:04]} d5 {[%emt 0:00:04]} 2. c4 {[%emt 0:00:02]} e6 {[%emt
0:00:04]} 3. Nc3 {[%emt 0:00:03]} Nf6 {[%emt 0:00:17]} 4. Nf3 {[%emt 0:00:04]}
c5 {[%emt 0:00:20]} 5. e3 {[%emt 0:00:07]} Nc6 {[%emt 0:00:06]} 6. cxd5 {[%emt
0:00:14]} exd5 {[%emt 0:00:20]} 7. dxc5 {[%emt 0:00:07]} Bxc5 {[%emt 0:00:00]}
8. Bb5 {[%emt 0:00:09]} O-O {[%emt 0:00:07]} 9. O-O {[%emt 0:00:24]} Bg4 {[%emt
0:00:12]} 10. h3 {[%emt 0:00:11]} Bh5 {[%emt 0:00:10]} 11. a3 {[%emt 0:00:25]}
Bb6 {[%emt 0:00:06]} 12. b4 {[%emt 0:00:06]} a6 {[%emt 0:00:15]} 13. Be2 {
[%emt 0:00:10]} Bg6 {[%emt 0:00:05]} 14. Bb2 {[%emt 0:00:05]} Re8 {[%emt
0:00:10]} 15. Qb3 {[%emt 0:00:40]} d4 {[%emt 0:00:20]} 16. Rad1 {[%emt
0:00:24]} Re7 {[%emt 0:00:19]} 17. exd4 {[%emt 0:00:14]} Bxd4 {[%emt 0:00:04]}
18. Bc4 { [%emt 0:00:35]} Rd7 {[%emt 0:00:17]} 19. Na4 {[%emt 0:01:06]} Bxb2
{[%emt 0:00:20]} 20. Rxd7 {[%emt 0:00:11]} Qxd7 {[%emt 0:00:00]} 21. Qxb2
{[%emt 0:00:33]} Qc7 {[%emt 0:00:11]} 22. Nc3 {[%emt 0:00:18]} Rd8 {[%emt
0:00:15]} 23. Rc1 { [%emt 0:00:21]} Qe7 {[%emt 0:00:25]} 24. b5 {[%emt
0:00:13]} axb5 {[%emt 0:00:03]} 25. Nxb5 {[%emt 0:00:10]} h6 {[%emt 0:00:16]}
26. a4 {[%emt 0:00:24]} Ne4 {[%emt 0:00:48]} 27. Re1 {[%emt 0:00:10]} Qc5
{[%emt 0:00:16]} 28. Rc1 { [%emt 0:00:50]} Qb6 {[%emt 0:00:30]} 29. Qe2 {[%emt
0:00:15]} Re8 {[%emt 0:00:11]} 30. Qa2 {[%emt 0:00:12]} Qd8 {[%emt 0:00:24]}
31. Bd5 {[%emt 0:00:14]} Nb4 {[%emt 0:00:51]} 32. Qb3 {[%emt 0:00:29]} Nxd5
{[%emt 0:00:18]} 33. Rd1 { [%emt 0:00:06]} Nef6 {[%emt 0:00:20]} 34. Nc3 {[%emt
0:00:12]} Qa5 {[%emt 0:00:09]} 35. Nxd5 {[%emt 0:00:09]} Nxd5 {[%emt 0:00:14]}
36. Rxd5 {[%emt 0:00:03]} Qc7 {[%emt 0:00:02]} 37. Qb5 {[%emt 0:00:10]} Qc1+
{[%emt 0:00:17]} 38. Kh2 { [%emt 0:00:07]} Rc8 {[%emt 0:00:11]} 39. Qxb7 {[%emt
0:00:17]} Kh7 {[%emt 0:00:23]} 40. Ne5 {[%emt 0:00:07]} Qf4+ {[%emt 0:00:06]}
41. g3 {[%emt 0:00:41]} Qxf2+ {[%emt 0:00:04]} 42. Kh1 {[%emt 0:00:02]} Rc1+
{[%emt 0:00:04]} 43. Rd1 { [%emt 0:00:03]} Rxd1# {[%emt 0:00:03]} 0-1

[Event "DSJ Weihnachtsturnier U20 2020"]
[Site "https://play.chessbase.com/en/play?room=DSJWeihnachtU20"]
[Date "2020.12.29"]
[Round "4"]
[White "Bergmann, Lennart"]
[Black "Anderson, Kim"]
[Result "1-0"]
[Termination "normal"]
[Board "18.4"]
[WhiteElo "1505"]
[BlackElo "1122"]
[WhiteTeam "VSG 1880 Offenbach"]
[BlackTeam "SC 1948 Ersingen"]
[PlyCount "81"]
[WhiteFideId "16270657"]
[EventRounds "7"]
[EventType "team-swiss"]
[EventDate "2020.12.29"]

1. e4 {[%emt 0:00:10]} e5 {[%emt 0:00:04]} 2. Nf3 {[%emt 0:00:02]} Nc6 { [%emt
0:00:04]} 3. Bc4 {[%emt 0:00:16]} Bc5 {[%emt 0:00:13]} 4. c3 {[%emt 0:00:06]}
Nf6 {[%emt 0:00:06]} 5. d4 {[%emt 0:00:00]} d6 {[%emt 0:00:19]} 6. dxc5 { [%emt
0:00:05]} Nxe4 {[%emt 0:00:07]} 7. Qd5 {[%emt 0:00:27]} Be6 {[%emt 0:00:15]} 8.
Qxe4 {[%emt 0:00:07]} d5 {[%emt 0:00:24]} 9. Bxd5 {[%emt 0:00:20]} Bxd5 {[%emt
0:00:06]} 10. Qe2 {[%emt 0:00:16]} O-O {[%emt 0:00:12]} 11. O-O { [%emt
0:00:13]} Re8 {[%emt 0:00:10]} 12. Be3 {[%emt 0:00:35]} e4 {[%emt 0:00:16]} 13.
Nd4 {[%emt 0:00:14]} Qf6 {[%emt 0:00:44]} 14. Nxc6 {[%emt 0:00:25]} Bxc6 {[%emt
0:00:04]} 15. Bd4 {[%emt 0:00:08]} Qg6 {[%emt 0:00:12]} 16. Qe3 { [%emt
0:00:11]} Rad8 {[%emt 0:00:09]} 17. Qg3 {[%emt 0:00:10]} Qxg3 {[%emt 0:00:54]}
18. hxg3 {[%emt 0:00:00]} b6 {[%emt 0:00:23]} 19. cxb6 {[%emt 0:00:33]} axb6
{[%emt 0:00:01]} 20. Nd2 {[%emt 0:00:06]} Bb7 {[%emt 0:00:04]} 21. b4 { [%emt
0:00:18]} c5 {[%emt 0:00:25]} 22. bxc5 {[%emt 0:00:04]} bxc5 {[%emt 0:00:01]}
23. Be3 {[%emt 0:00:01]} f5 {[%emt 0:00:22]} 24. a4 {[%emt 0:00:11]} Re6 {
[%emt 0:00:14]} 25. a5 {[%emt 0:00:23]} Ba6 {[%emt 0:00:07]} 26. Rfb1 {[%emt
0:00:14]} h6 {[%emt 0:01:52]} 27. Rb6 {[%emt 0:00:07]} Rdd6 {[%emt 0:00:21]}
28. Bxc5 {[%emt 0:00:20]} Rc6 {[%emt 0:00:32]} 29. Bd4 {[%emt 0:00:32]} Kf7 {
[%emt 0:00:27]} 30. Rab1 {[%emt 0:00:07]} g5 {[%emt 0:00:17]} 31. Rxc6 { [%emt
0:00:02]} Rxc6 {[%emt 0:00:04]} 32. Rb6 {[%emt 0:00:02]} Rxb6 {[%emt 0:00:06]}
33. axb6 {[%emt 0:00:02]} Ke6 {[%emt 0:00:10]} 34. Nb3 {[%emt 0:00:02]} Kd5
{[%emt 0:00:08]} 35. Nc5 {[%emt 0:00:04]} Bc8 {[%emt 0:00:40]} 36. b7 { [%emt
0:00:03]} Bxb7 {[%emt 0:00:02]} 37. Nxb7 {[%emt 0:00:00]} Kc4 {[%emt 0:00:15]}
38. Nd6+ {[%emt 0:00:04]} Kd3 {[%emt 0:00:11]} 39. Nxf5 {[%emt 0:00:00] } h5
{[%emt 0:00:03]} 40. Kf1 {[%emt 0:00:08]} g4 {[%emt 0:00:10]} 41. Ke1 { [%emt
0:00:22]} 1-0

[Event "DSJ Weihnachtsturnier U20 2020"]
[Site "https://play.chessbase.com/en/play?room=DSJWeihnachtU20"]
[Date "2020.12.29"]
[Round "4"]
[White "Feilhauer, Janick"]
[Black "Poggemann, Alexander"]
[Result "0-1"]
[Termination "normal"]
[Board "19.1"]
[WhiteElo "1488"]
[BlackElo "1813"]
[WhiteTeam "VfB Schach Leipzig"]
[BlackTeam "Schachverein Hemer 1932 2"]
[PlyCount "64"]
[WhiteFideId "16266358"]
[BlackFideId "16224167"]
[EventRounds "7"]
[EventType "team-swiss"]
[EventDate "2020.12.29"]

1. d4 {[%emt 0:00:05]} Nf6 {[%emt 0:00:05]} 2. c4 {[%emt 0:00:02]} g6 {[%emt
0:00:01]} 3. Nc3 {[%emt 0:00:01]} d5 {[%emt 0:00:01]} 4. cxd5 {[%emt 0:00:18]}
Nxd5 {[%emt 0:00:02]} 5. e4 {[%emt 0:00:01]} Nxc3 {[%emt 0:00:01]} 6. bxc3 {
[%emt 0:00:01]} Bg7 {[%emt 0:00:01]} 7. Nf3 {[%emt 0:00:04]} c5 {[%emt 0:00:02]
} 8. Be3 {[%emt 0:00:29]} O-O {[%emt 0:00:03]} 9. Be2 {[%emt 0:00:16]} Nc6 {
[%emt 0:00:02]} 10. O-O {[%emt 0:00:09]} Qa5 {[%emt 0:00:17]} 11. Qc2 {[%emt
0:00:27]} Rd8 {[%emt 0:00:09]} 12. d5 {[%emt 0:00:14]} Ne5 {[%emt 0:00:03]} 13.
Nxe5 {[%emt 0:00:21]} Bxe5 {[%emt 0:00:02]} 14. Rac1 {[%emt 0:00:02]} e6 {
[%emt 0:00:19]} 15. f4 {[%emt 0:00:07]} Bg7 {[%emt 0:00:17]} 16. c4 {[%emt
0:00:05]} Rd6 {[%emt 0:00:56]} 17. e5 {[%emt 0:00:11]} Ra6 {[%emt 0:00:04]} 18.
d6 {[%emt 0:00:32]} Qxa2 {[%emt 0:00:28]} 19. Rfd1 {[%emt 0:00:28]} Bd7 { [%emt
0:00:29]} 20. Bf3 {[%emt 0:00:11]} Qxc2 {[%emt 0:00:25]} 21. Rxc2 { [%emt
0:00:05]} Rb8 {[%emt 0:00:02]} 22. Bxc5 {[%emt 0:00:23]} f6 {[%emt 0:00:34]}
23. Bd4 {[%emt 0:00:43]} fxe5 {[%emt 0:00:35]} 24. fxe5 {[%emt 0:00:03]} Ba4
{[%emt 0:00:04]} 25. Be3 {[%emt 0:01:53]} Bxc2 {[%emt 0:00:20]} 26. Rd2 { [%emt
0:00:02]} Ba4 {[%emt 0:01:00]} 27. d7 {[%emt 0:00:03]} Rd8 {[%emt 0:00:19]} 28.
Bxb7 {[%emt 0:00:06]} Ra5 {[%emt 0:00:20]} 29. Bc8 {[%emt 0:00:07]} Rxe5 {[%emt
0:00:26]} 30. Bf4 {[%emt 0:00:10]} Re4 {[%emt 0:00:15]} 31. Bc7 { [%emt
0:00:03]} Rf8 {[%emt 0:00:41]} 32. d8=Q {[%emt 0:00:04]} Re1# {[%emt 0:00:03]}
0-1